Shin hōgaku zenshū / (Record no. 35091)
[ view plain ]
| 000 -LEADER | |
|---|---|
| fixed length control field | 03489cam a22003254a 4500 |
| 001 - CONTROL NUMBER | |
| control field | j 66001701 |
| 003 - CONTROL NUMBER IDENTIFIER | |
| control field | DLC |
| 005 - DATE AND TIME OF LATEST TRANSACTION | |
| control field | 20260227111521.0 |
| 008 - FIXED-LENGTH DATA ELEMENTS--GENERAL INFORMATION | |
| fixed length control field | 070202m19409999ja b 000 0 jpn |
| 010 ## - LIBRARY OF CONGRESS CONTROL NUMBER | |
| LC control number | j 66001701 |
| 035 ## - SYSTEM CONTROL NUMBER | |
| System control number | (CStRLIN)DCLP07-B1775 |
| 040 ## - CATALOGING SOURCE | |
| Original cataloging agency | DLC |
| Transcribing agency | DLC-R |
| 043 ## - GEOGRAPHIC AREA CODE | |
| Geographic area code | a-ja--- |
| 050 00 - LIBRARY OF CONGRESS CALL NUMBER | |
| Classification number | KNX68 |
| Item number | .S555 1940 |
| 066 ## - CHARACTER SETS PRESENT | |
| Alternate G0 or G1 character set | $1 |
| 245 00 - TITLE STATEMENT | |
| Linkage | 880-01 |
| Title | Shin hōgaku zenshū / |
| Statement of responsibility, etc. | henshū daihyōsha Suehiro Izutarō. |
| 260 ## - PUBLICATION, DISTRIBUTION, ETC. | |
| Linkage | 880-02 |
| Place of publication, distribution, etc. | Tōkyō : |
| Name of publisher, distributor, etc. | Nihon Hyōronsha, |
| Date of publication, distribution, etc. | Shōwa 15-<17> [1940-<1942>] |
| 300 ## - PHYSICAL DESCRIPTION | |
| Extent | v. <1-21> ; |
| Dimensions | 22 cm. |
| 500 ## - GENERAL NOTE | |
| General note | Colophon title. |
| 500 ## - GENERAL NOTE | |
| General note | Vols. 2-9: Saihan; vols. 10-<21>: Shinsōban. |
| 500 ## - GENERAL NOTE | |
| General note | Subseries titles embossed at top of spine (but almost illegible). Vols. 2-3: Kenpō, I-II; v. 4-8: Gyōseihō, I-V; v. 9-16: Minpō, I-VIII; v. 17-<21>: Shōhō, I-<V> |
| 500 ## - GENERAL NOTE | |
| General note | Errata slips inserted. |
| 504 ## - BIBLIOGRAPHY, ETC. NOTE | |
| Bibliography, etc. note | Includes bibliographical references. |
| 505 0# - FORMATTED CONTENTS NOTE | |
| Formatted contents note | dai 1-kan. Hōgaku tsūron / Hozumi Shigetō cho. Hōrigaku / Hirohama Yoshio cho -- dai 2-kan. Kenpō / Satō Ushijirō cho. Kōshitsuhō / Miyazawa Toshiyoshi cho -- dai 3-kan. Senkyohō / Kawamura Matasuke cho. Giinhō / Ōishi Yoshio cho. Kaikeihō / Kiyomiya Shirō cho. Gaichihō / Matsuoka Shūtarō cho -- dai 4-kan. Gyōseihō sōsoku / Minobe Tatsukichi cho. Gyōsei kanpuhō / Nomura Junji cho. Gunji gyōseihō / Tagami Jōji cho -- dai 5-kan. Gyōsei sōshōhō / Miyazawa Toshiyoshi cho. Chihō jichisei / Ugata Junzō cho. Keisatsuhō gairon / Sasaki Sōichi cho. Shakai gyōseihō / Ugai Nobushige cho -- dai 6-kan. Kōbutsu eizōbutsuhō / Isozaki Tatsugorō cho. Kōyō futan / Minobe Tatsukichi cho. Dobokuhō / Watanabe Sōtarō cho -- dai 7-kan. Kanrihō / Sugimura Shōzaburō cho. Kōkyō kigyōhō / Tanaka Jirō cho. Kōtsū tsūshinhō / Yanase Yoshimoto cho -- dai 8-kan. Bunka gyōseihō / Nakamura Yasōji cho. Sozeihō ; Chihōzeihō ; Senbaihō / Sugimura Shōzaburō cho -- dai 9-kan. Bukkenhō, jōkan ; Minpō sōsoku, jōkan / Hozumi Shigetō cho -- dai 10-kan. Minpō sōsoku, gekan / Hozumi Shigetō cho. Bukkenhō, gekan / Suekawa Hiroshi cho -- dai 11-kan. Tanpo bukkenhō, jōkan / Katsumoto Masaakira cho . Saiken sōron / Suehiro Izutarō cho -- dai 12-kan. Tanpo bukkenhō, gekan / Katsumoto Masaakira cho. Tokubetsu tanpohō / Ishida Bunjirō cho -- dai 13-kan. Keiyakuhō / Mitsuma Shinzō cho. Jimu kanri, futō ritoku, fuhō kōi / Wagatsuma Sakae cho -- dai 14-kan. Shinzokuhō / Nakagawa Zennosuke cho. Shintakuhō / Irie Shintarō cho -- dai 15-kan. Sōzokuhō / Kondō Eikichi cho. Mujinhō / Kainō Michitaka cho -- dai 16-kan. Kosekihō oyobi Kiryūhō / Nakagawa Zennosuke cho. Fudōsan tōkihō / Funabashi Junʼichi cho. Shakuchi shakuyahō / Kainō Michitaka cho -- dai 17-kan. Shōhō sōsoku / Nishihara Kanʼichi cho. Ginkōhō / Tanaka Seiji cho -- dai 18-kan. Shōkōihō / Komachiya Sōzō cho. Torihikijohō / Tanaka Kōtarō cho -- dai 19-kan. Kaishahō / Ōmori Kōta cho. Shasaihō / Ishii Teruhisa cho -- dai 20-kan. Hokenhō / Nozu Tsutomu cho. Kaijō hokenhō / Ishii Teruhisa cho -- dai 21-kan. Tegatahō, Kogittehō / Izawa Kōhei cho. Kaishōhō / Takei Ren cho |
| 650 #0 - SUBJECT ADDED ENTRY--TOPICAL TERM | |
| Topical term or geographic name entry element | Law |
| Geographic subdivision | Japan. |
| 700 1# - ADDED ENTRY--PERSONAL NAME | |
| Linkage | 880-03 |
| Personal name | Suehiro, Izutarō, |
| Dates associated with a name | 1881-1951. |
| 880 00 - ALTERNATE GRAPHIC REPRESENTATION | |
| Linkage | 245-01/$1 |
| a | 新 法學 全集 / |
| c | 編輯 代表者 末弘嚴太郎. |
| 880 ## - ALTERNATE GRAPHIC REPRESENTATION | |
| Linkage | 260-02/$1 |
| a | 東京 : |
| b | 日本 評論社, |
| c | 昭和 15-<17> [1940-<1942>] |
| 880 1# - ALTERNATE GRAPHIC REPRESENTATION | |
| Linkage | 700-03/$1 |
| a | 末弘 嚴太郎, |
| d | 1888-1951. |
No items available.